100 most populated countries of the World in order, with map - Statistics

General Stats
  • This quiz has been taken 67 times
  • The average score is 81 of 100
Answers on the Map
Answers color-coded by a green-red scale on the quiz's map according to % correct below.
 
Answer Stats
Answer % Correct
India
98%
United States
96%
Brazil
94%
China
94%
Pakistan
94%
Algeria
92%
Argentina
92%
Egypt
92%
France
92%
Indonesia
92%
Italy
92%
Japan
92%
Mexico
92%
Russia
92%
South Africa
92%
Spain
92%
Turkey
92%
Australia
90%
Bangladesh
90%
Canada
90%
Germany
90%
Madagascar
90%
Morocco
90%
Philippines
90%
Sudan
90%
Ukraine
90%
United Kingdom
90%
Vietnam
90%
Colombia
88%
Ethiopia
88%
Iran
88%
Nigeria
88%
Poland
88%
Saudi Arabia
88%
Taiwan
88%
Thailand
88%
Yemen
88%
Chile
86%
D.R Congo
86%
Myanmar
86%
Nepal
86%
Peru
86%
South Korea
86%
Sri Lanka
86%
Venezuela
86%
Mozambique
84%
North Korea
84%
Afghanistan
82%
Iraq
82%
Malaysia
82%
Cameroon
80%
Chad
80%
Kazakhstan
80%
Kenya
80%
Romania
80%
Somalia
80%
Tanzania
80%
Angola
78%
Belgium
78%
Bolivia
78%
Cambodia
78%
Netherlands
78%
South Sudan
78%
Tunisia
78%
Burkina Faso
76%
Cuba
76%
Ecuador
76%
Ivory Coast
76%
Mali
76%
Uganda
76%
Ghana
74%
Greece
74%
Guatemala
74%
Niger
74%
Portugal
74%
Sweden
74%
Syria
74%
Uzbekistan
74%
Haiti
72%
Malawi
72%
Rwanda
72%
Senegal
72%
Zambia
72%
Zimbabwe
72%
Benin
70%
Burundi
70%
Guinea
70%
Hungary
70%
Jordan
70%
Azerbaijan
68%
Belarus
68%
Czech Republic
68%
Dominican Republic
68%
Papua New Guinea
68%
Tajikistan
68%
United Arab Emirates
68%
Honduras
66%
Israel
64%
Switzerland
64%
Austria
62%
No matching quizzes found
Score Distribution
Percent of People with Each Score
Percentile by Number Answered
Your Score History
You have not taken this quiz